000 00471nam a2200193Ia 4500
008 240510s9999 xx 000 0 und d
020 _a0000939325160
041 _aEng
082 _a005.302 96
082 _bR87
100 _aRutsch, E
245 0 _a386 Computer : Buyers Guide and Handbook
260 _bModular Information Systems: California
260 _c1988
300 _a454 p.
650 _aBuyers Guide and Handbooks
942 _2ddc
942 _cLBK
999 _c27239
_d27239
945 _a1
_bMadushi Gamage
_c1
_dMadushi Gamage